Potreba medziodborového vzdelávania rozvíjajúca ekonomické vedomosti a podnikateľské zručnosti v kariére lekára

Absolventi doktorských študijných odborov po získaní úspechov pri výkone lekárskej praxe postupujú na manažérske pozície a to si vyžaduje nároky na vedomosti a zručnosti z manažérskych a ekonomických disciplín, ktoré predstavujú doplnok definovaných požiadaviek na výkon práce.

Saved in:
Bibliographic Details
Main Author: Matulčíková, Marta, 1964-
Format: Book Chapter
Language:Slovak
Subjects:
Tags: Add Tag
No Tags, Be the first to tag this record!

MARC

LEADER 00000nla a2200000 4500
001 0240222
005 20240502073911.5
041 0 |a slo 
044 |a SK 
245 1 0 |a Potreba medziodborového vzdelávania rozvíjajúca ekonomické vedomosti a podnikateľské zručnosti v kariére lekára  |c Marta Matulčíková 
520 |a Absolventi doktorských študijných odborov po získaní úspechov pri výkone lekárskej praxe postupujú na manažérske pozície a to si vyžaduje nároky na vedomosti a zručnosti z manažérskych a ekonomických disciplín, ktoré predstavujú doplnok definovaných požiadaviek na výkon práce. 
610 2 0 |a lekári 
610 2 0 |a vzdelávanie ďalšie 
610 2 0 |a manažment 
610 2 0 |a kariéra 
610 2 0 |a vedomosti 
610 2 0 |a medicína 
610 2 0 |a ekonómia 
100 1 |a Matulčíková, Marta, 1964-